De testamentaria circa corpus dispositione dissertatio iuridica prima [-tertia] ... publicae disquisitioni proposita a Iacobo Henrico Kurella I.U.D. ... [1]: ... Dissertatio iuridica prima ... a. d. XXI. Octobris MDCCXXXX. ... respondente Christiano Gottlieb Webero Lind. Prusso. (Запись № 13487843)

Подробности
000 -МАРКЕР
контрольное поле 01270nam2a22002531 4500
001 - ИДЕНТИФИКАТОР ЗАПИСИ
контрольное поле RU\NLR\A2V1719\12470
005 - ИДЕНТИФИКАТОР ВЕРСИИ
контрольное поле 20251214191628.0
035 ## - ДРУГИЕ СИСТЕМНЫЕ НОМЕРА
Идентификатор записи (NLR Aleph) 009854270
100 ## - ДАННЫЕ ОБЩЕЙ ОБРАБОТКИ
Данные общей обработки 20100325d1740 u y0rusy50 ca
101 0# - ЯЗЫК РЕСУРСА
Язык текста, звукозаписи и т.д. латинский
200 1# - ЗАГЛАВИЕ И СВЕДЕНИЯ ОБ ОТВЕТСТВЕННОСТИ
Основное заглавие ... Dissertatio iuridica prima ... a. d. XXI. Octobris MDCCXXXX. ... respondente Christiano Gottlieb Webero Lind. Prusso.
210 ## - ПУБЛИКАЦИЯ, РАСПРОСТРАНЕНИЕ И ДР.
Дата издания, распространения и т.д. [1740]
215 ## - ФИЗИЧЕСКАЯ ХАРАКТЕРИСТИКА
Специфическое обозначение материала и объем [4], 16 с.
461 #1 - УРОВЕНЬ НАБОРА
Встроенное поле 001RU\NLR\A2V1719\12469
-- 2000И$aDe testamentaria circa corpus dispositione dissertatio iuridica prima [-tertia] ... publicae disquisitioni proposita a Iacobo Henrico Kurella I.U.D. ...$v[1]
-- 700#1$6z01790$aKurella$bJ.H.$f1713-1764$gJacob Heinrich$4070
Системный номер (АБИС) связанной записи 10358840
Автор Kurella, J.H. (1713-1764)
Место публикации Regiomonti [Kaliningrad]
Дата публикации [1740-1743]
Имя издателя, распространителя и т.д. typis Reusnerianis
Заглавие De testamentaria circa corpus dispositione dissertatio iuridica prima [-tertia] ... publicae disquisitioni proposita a Iacobo Henrico Kurella I.U.D. ...
Номер тома [1]
702 #1 - ИМЯ ЛИЦА - ВТОРИЧНАЯ ОТВЕТСТВЕННОСТЬ
Связь между полями z01790
Начальный элемент ввода Weber
Часть имени, кроме начального элемента ввода Ch.G.
Даты - до 1781
Расширение инициалов личного имени Christian Gottlieb
Код отношения Автор
790 #1 - ИМЯ ЛИЦА - АЛЬТЕРНАТИВНАЯ ФОРМА
Связь между полями z01702
Начальный элемент ввода Weberus
Расширение инициалов личного имени Christianus Gottlieb
Код отношения Автор
801 #0 - ИСТОЧНИК ЗАПИСИ
Страна российская федерация
Организация NLR
Дата составления 20100325
852 ## - МЕСТОНАХОЖДЕНИЕ И ШИФР ХРАНЕНИЯ
Идентификатор организации NLR
Шифр хранения (Call Number) 10.20.8.4 Аллиг.1
942 ## - ДОПОЛНИТЕЛЬНЫЕ ЭЛЕМЕНТЫ ЗАПИСИ (АБИС)
Тип экземпляра АБИС Книга
980 ## - КОЛЛЕКЦИЯ
Название коллекции Иностранная рекаталогизация: 17-19 век
980 ## - КОЛЛЕКЦИЯ
Название коллекции Национальная библиография

Нет доступных экземпляров.